=LDR 00000nam 2200000 4500 =001 INLIS000000000043784 =005 20260509100330 =035 ##$$a 0010-101300000001706 =008 260509################g##########0#ind## =041 ##$$a ind =082 ##$$a R. 103 =090 ##$$a R 103, Kam k =245 1#$$a Kamus filsafat /$c Lorens Bagus =260 ##$$a Bandung :$b Gramedia Pustaka Utama,$c 1995 =300 ##$$a xv, 1193 hlm ; $c 21 x 14 cm =650 #4$$a Filsafat - kamus =850 ##$$a NBPNMAT =020 ##$$a 979-655-147-0 =084 ##$$a R. 103 LOR k =100 #$$a Lorens Bagus =520 ##$$a Bibliografi hlm. 1193 =990 ##$$a 28172817